Manual of methods in aquatic environment research
Saved in:
| Main Author: | |
|---|---|
| Format: | Book |
| Language: | Undetermined |
| Published: |
Rome
FAO
1987
|
| Subjects: | |
| Tags: |
Add Tag
No Tags, Be the first to tag this record!
|
| Institutions: | Trung tâm Học liệu Trường Đại học Cần Thơ |
|---|
| LEADER | 00598nam a2200193Ia 4500 | ||
|---|---|---|---|
| 001 | CTU_159989 | ||
| 008 | 210402s9999 xx 000 0 und d | ||
| 082 | |a 333.956 | ||
| 082 | |b R375/P.10 | ||
| 100 | |a Reish, Donald L. | ||
| 245 | 0 | |a Manual of methods in aquatic environment research | |
| 245 | 0 | |c By Donald L. Reish and Philip S. Oshida | |
| 260 | |a Rome | ||
| 260 | |b FAO | ||
| 260 | |c 1987 | ||
| 650 | |a Fish culture,Nghề cá | ||
| 650 | |x Environmental aspects,Khía cạnh môi trường | ||
| 904 | |i Hồng, Năm | ||
| 980 | |a Trung tâm Học liệu Trường Đại học Cần Thơ | ||